LEADER 01017nam a2200229 i 4500 001 000000053260 003 CaOOAMICUS 005 20120825000000.0 008 120825s1969 it u000 u ita u 013 $a24432 040 $aSeMil$bita 100 1 $aDe Luca, Pietro.$0(OLS)http://semarc/name/26299 245 13$aIl diritto di libertà religiosa :$bnel pensiero costituzionalistico ed ecclesiastico contemporaneo /$cPietro De Luca. 260 $aPadova :$bCEDAM,$c1969. 300 $aXXIII, 360 p. ;$c25 cm. 500 $aContiene : Indice bibliografico. 650 4$aDiritto ecclesiastico.$0(OLS)http://semarc/subject/933 650 4$aLibertà religiosa.$0(OLS)http://semarc/subject/6329 850 $aSeMil 852 $aSeMil$W1$xVenegono$y1$m2H IV 113$j19414$B19414$CSeMilBibl$Z2$F19416 $81 996 $6245$aIl diritto di libertà religiosa :$bnel pensiero costituzionalistico ed ecclesiastico contemporaneo$9(OLS)http://semarc/title/82013 996 $6260$aPadova :$bCEDAM$9(OLS)http://semarc/publisher/30274 LEADER 01121nas a2200253 i 4500 001 000000149927 003 CaOOAMICUS 005 20071017000000.0 008 060418b2006 it uu u0 0ita r 013 $a127259 040 $aSeMil$bita 245 10$a[2006]. 260 $aBergamo :$bEd. Carrara,$ccopyr. 2006 (stampa 2006-2007) 300 $a1 v. (varie sequenze) :$bnotazione musicale ;$c31 cm + [3] CD. 774 0 $aSessantini, Gilberto$tMessa Sinodale.$w()264079 774 0 $aBianchi, Italo$tMessa "De Angelis".$w()264616 774 0 $aTuroldo, David Maria $tTuroldo.$w()264926 774 0 $aAutori Vari$tGraduale Semplice.$w()265637 774 0 $aZardini, Terenzio $tLaudate et Benedicete. - 49 p. - Num. 4856 delle Ed. Carrara. - Indicazione errata sul verso della copertina.$w()266715 850 $aSeMil 852 $aSeMil$W1$xVenegono$y1$m91 6 36$j102112$B102112$CSeMilBibl$Z2$F127577 $85 961 $aAbbonamento: Carrara Ed. 996 $6245$a[2006]$9(OLS)http://semarc/title/140392 996 $6260$aBergamo :$bEd. Carrara$9(OLS)http://semarc/publisher/30551